<The> Post-communist consumer of luxury goods - the main features and shopping habits
Správanie spotrebiteľa a jeho nákupné zvyky vo vzťahu k luxusnému tovaru v post-komunistickom Poľsku.
Uložené v:
| Hlavný autor: | |
|---|---|
| Médium: | Kapitola |
| Jazyk: | English |
| Predmet: | |
| Tagy: |
Žiadne tagy, Buďte prvý, kto otaguje tento záznam!
|
MARC
| LEADER | 00000nla a2200000 4500 | ||
|---|---|---|---|
| 001 | 0200189 | ||
| 005 | 20240417075056.9 | ||
| 041 | 0 | |a eng | |
| 044 | |a CZ | ||
| 245 | 1 | 0 | |a <The> Post-communist consumer of luxury goods - the main features and shopping habits |c Klaudia Plażyk |
| 520 | |a Správanie spotrebiteľa a jeho nákupné zvyky vo vzťahu k luxusnému tovaru v post-komunistickom Poľsku. | ||
| 610 | 2 | 0 | |a tovar luxusný |
| 610 | 2 | 0 | |a správanie spotrebiteľa |
| 610 | 2 | 0 | |a značky výrobkov |
| 610 | 2 | 0 | |a rozhodovanie nákupné |
| 610 | 2 | 0 | |a Poľsko |
| 100 | 1 | |a Plażyk, Klaudia | |